| 000 | 00392 a2200133 4500 | ||
|---|---|---|---|
| 001 | 87985 | ||
| 082 | _aPR 704 | ||
| 090 |
_c41454 _d41454 |
||
| 100 | _aHooshang Dehghan ( I.I.A.F); Ali ST, advisor | ||
| 245 |
_aInstallation and operational checks of a solid propellent rocket _nG-9 |
||
| 260 |
_aKarachi _bKarachi Uni _c1977 |
||
| 300 | _a20 p. hand written | ||
| 500 | _aBE project reports AE | ||
| 942 |
_aCAE NUST _kPR 704 |
||
| 999 |
_c323058 _d323058 |
||